000
00301nam a22001337a 4500
008
170913b xxu||||| |||| 00| 0 eng d
020
_a
9780321516954
041
_a
eng
080
_2
4TH
_a
53
100
_a
43
101
_a
FIZ
245
_a
CONCEPTUAL PHYSICAL SCIENCE
_c
HEWITT,P.G
942
_2
udc
_c
BK
999
_c
27417
_d
27417